Statistics for Countries Containing D

Click here to take the quiz!

General Stats

  • This quiz has been taken 2,177 times
  • The average score is 37 of 52

Answer Stats

Country% Correct
Dominican Republic
92%
Denmark
91%
Dominica
91%
Iceland
89%
Ireland
88%
United Kingdom
87%
Poland
85%
Djibouti
84%
Finland
84%
United States
83%
India
82%
Netherlands
82%
New Zealand
82%
Switzerland
82%
Indonesia
81%
United Arab Emirates
80%
Canada
79%
Sweden
79%
Democratic Republic
of the Congo
78%
Andorra
76%
Marshall Islands
76%
Trinidad and Tobago
76%
Honduras
75%
Solomon Islands
75%
Thailand
75%
Saudi Arabia
74%
South Sudan
74%
Sudan
74%
Antigua and Barbuda
73%
Barbados
72%
Chad
72%
Bangladesh
71%
Cambodia
71%
Ecuador
71%
Madagascar
70%
Jordan
69%
Burundi
68%
Grenada
68%
Moldova
68%
El Salvador
66%
Maldives
66%
Macedonia
65%
Rwanda
63%
Saint Vincent and
the Grenadines
63%
Uganda
61%
Federated States
of Micronesia
57%
Cabo Verde
54%
Swaziland
53%
Côte d'Ivoire
41%
Cook Islands
37%
Greenland
36%
Faroe Islands
34%

Score Distribution

Percentile by Number Answered

Percent of People with Each Score

Your Score History

You have not taken this quiz